<?xml version="1.0" encoding="UTF-8"?>
<record
    xmlns:xsi="http://www.w3.org/2001/XMLSchema-instance"
    xsi:schemaLocation="http://www.loc.gov/MARC21/slim http://www.loc.gov/standards/marcxml/schema/MARC21slim.xsd"
    xmlns="http://www.loc.gov/MARC21/slim">

  <leader>01147nam a2200193 a 4500</leader>
  <controlfield tag="001">000037243</controlfield>
  <controlfield tag="005">20200930080232.0</controlfield>
  <controlfield tag="008">120320s2008    cl ad         000 0 spa d</controlfield>
  <datafield tag="020" ind1=" " ind2=" ">
    <subfield code="a">9789587103274</subfield>
  </datafield>
  <datafield tag="100" ind1="1" ind2=" ">
    <subfield code="a">Delgado Wiesner, Cecilia.</subfield>
    <subfield code="9">63656</subfield>
  </datafield>
  <datafield tag="245" ind1=" " ind2="3">
    <subfield code="a">La microempresa de punta en Colombia /</subfield>
    <subfield code="c">Cecilia Delgado Wiesner y Ernesto Parra Escobar.</subfield>
  </datafield>
  <datafield tag="260" ind1=" " ind2=" ">
    <subfield code="a">Colombia :</subfield>
    <subfield code="b">Universidad Externado de Colombia,</subfield>
    <subfield code="b">Centro de Investigaciones sobre Din&#xE1;mica Social,</subfield>
    <subfield code="c">2008.</subfield>
  </datafield>
  <datafield tag="300" ind1=" " ind2=" ">
    <subfield code="a">204 p. :</subfield>
    <subfield code="b">il., gr&#xE1;f., mapas ;</subfield>
    <subfield code="c">23 cm.</subfield>
  </datafield>
  <datafield tag="490" ind1="1" ind2=" ">
    <subfield code="a">Cuadernos del cids.</subfield>
    <subfield code="a">Serie I</subfield>
    <subfield code="v">9</subfield>
  </datafield>
  <datafield tag="505" ind1="0" ind2=" ">
    <subfield code="t">La microempresa en Colombia --</subfield>
    <subfield code="t">Objetivos y metodolog&#xED;a --</subfield>
    <subfield code="t">Caracterizaci&#xF3;n general del empresario y la empresa --</subfield>
    <subfield code="t">La gesti&#xF3;n empresarial --</subfield>
    <subfield code="t">Resultados de la gesti&#xF3;n empresarial --</subfield>
    <subfield code="t">Grado de formalidad, escala de informalidad-formalidad --</subfield>
    <subfield code="t">Obligaciones laborales, impuestos y formalidad ; Conclusiones y recomendaciones --</subfield>
    <subfield code="t">Anexo I: encuesta --</subfield>
    <subfield code="t">Anexo II: manual para la realizaci&#xF3;n de entrevistas --</subfield>
    <subfield code="t">Anexo III: grupos focales.</subfield>
  </datafield>
  <datafield tag="700" ind1="1" ind2=" ">
    <subfield code="a">Parra Escobar, Ernesto, 1939-</subfield>
    <subfield code="9">63657</subfield>
  </datafield>
  <datafield tag="830" ind1=" " ind2="0">
    <subfield code="a">Cuadernos del cids.</subfield>
    <subfield code="p">1</subfield>
    <subfield code="v">9</subfield>
    <subfield code="9">63658</subfield>
  </datafield>
  <datafield tag="952" ind1=" " ind2=" ">
    <subfield code="0">0</subfield>
    <subfield code="1">0</subfield>
    <subfield code="5">0</subfield>
    <subfield code="7">-1</subfield>
    <subfield code="8">MO</subfield>
    <subfield code="a">GR</subfield>
    <subfield code="b">GR</subfield>
    <subfield code="c">OI</subfield>
    <subfield code="d">2012-03-20</subfield>
    <subfield code="i">LF1</subfield>
    <subfield code="l">0</subfield>
    <subfield code="o"> </subfield>
    <subfield code="p">37243-10</subfield>
    <subfield code="r">2020-06-25</subfield>
    <subfield code="w">2020-06-25</subfield>
    <subfield code="y">1</subfield>
    <subfield code="Z">No se presta</subfield>
  </datafield>
  <datafield tag="999" ind1=" " ind2=" ">
    <subfield code="c">36733</subfield>
    <subfield code="d">36733</subfield>
  </datafield>
  <datafield tag="040" ind1=" " ind2=" ">
    <subfield code="a">DO-SdBNP</subfield>
  </datafield>
</record>
